000 00578nam a2200193Ia 4500
005 20260120124644.0
008 008 260114s9999 xx 000 0 eng d
020 _a9780444502568
037 _aEBOOK
040 _aCRL
_beng
_cCRL
041 _aeng
_2eng
084 _qCRL
245 4 _aThe Creation and Analysis of Employer-Employee Matched Data
260 _bEmerald Publishing
_c1999
700 _aJohn Haltiwanger
_9908889
856 _uhttps://www.emerald.com/insight/publication/doi/10.1108/S0573-8555(1999)241
942 _cEBOOK
999 _c1500801
_d1500801